000 00671nam a2200277Ia 4500
005 20260324143353.0
008 008 260324s9999 xx 000 0 eng d
020 _a9780203216606
037 _aEBOOK
040 _aCRL
040 _beng
040 _cCRL
041 _2eng
041 _aeng
084 _qCRL
100 _aColonel Richard M Connaughton; Sir Harry Hinsley
_91215379
245 0 _aMilitary Intervention in the 1990s
260 _bTaylor and Francis
260 _c1992
365 _a
365 _b300
856 _uhttp://www.taylorfrancis.com/books/9780203216606
942 _cEBOOK
999 _c1820706
_d1820706